[Event "Stari Banovci Vidovdan op"]
[Site "Stari Banovci"]
[Date "2017.07.05"]
[Round "9"]
[White "Lazic, Ljubomir"]
[Black "Kozic, Mirko"]
[Result "1-0"]
[WhiteElo "1961"]
[BlackElo "1722"]
[PlyCount "37"]
[EventDate "2017.06.28"]
[EventType "swiss"]
[EventRounds "9"]
[EventCountry "SRB"]
[SourceTitle "EXT 2018"]
[Source "ChessBase"]
[SourceDate "2017.10.13"]
[SourceVersion "1"]
[SourceVersionDate "2017.10.13"]
[SourceQuality "1"]

1. c4 e5 2. Nc3 Nf6 3. g3 c6 4. Bg2 Bb4 5. d3 0-0 6. Bd2 d5 7. cxd5 cxd5 8. Qb3 Nc6 9. a3 Bxc3 10. bxc3 e4 11. dxe4 Nxe4 12. Nf3 Na5 13. Qd1 Be6 14. 0-0 Rc8 15. Rc1 Nc5 16. Be1 a6 17. Qd4 Qd7 18. Rd1 Qe7 19. Qb4 1-0

[Event "Stari Banovci Vidovdan op"]
[Site "Stari Banovci"]
[Date "2017.07.01"]
[Round "4"]
[White "Lazic, Ljubomir"]
[Black "Chilcevschi, Ivan"]
[Result "0-1"]
[WhiteElo "1961"]
[BlackElo "1524"]
[PlyCount "38"]
[EventDate "2017.06.28"]
[EventType "swiss"]
[EventRounds "9"]
[EventCountry "SRB"]
[SourceTitle "EXT 2018"]
[Source "ChessBase"]
[SourceDate "2017.10.13"]
[SourceVersion "1"]
[SourceVersionDate "2017.10.13"]
[SourceQuality "1"]

1. c4 c5 2. Nc3 Nf6 3. g3 e6 4. Bg2 d5 5. cxd5 Nxd5 6. Qb3 Nb6 7. d3 Nc6 8. Nf3 Bd6 9. Nb5 Nd5 10. Nxd6+ Qxd6 11. 0-0 0-0 12. a3 h6 13. Bd2 b6 14. Qc4 Bb7 15. Qa4 f6 16. e4 Nc7 17. Bc3 f5 18. Nd2 Bc8 19. g4 Qe7 0-1

[Event "Stari Banovci Vidovdan op"]
[Site "Stari Banovci"]
[Date "2017.06.29"]
[Round "2"]
[White "Lazic, Ljubomir"]
[Black "Omorjan, Dejan"]
[Result "0-1"]
[WhiteElo "1961"]
[BlackElo "2224"]
[PlyCount "120"]
[EventDate "2017.06.28"]
[EventType "swiss"]
[EventRounds "9"]
[EventCountry "SRB"]
[SourceTitle "EXT 2018"]
[Source "ChessBase"]
[SourceDate "2017.10.13"]
[SourceVersion "1"]
[SourceVersionDate "2017.10.13"]
[SourceQuality "1"]

1. c4 g6 2. Nc3 Bg7 3. g3 d6 4. Bg2 c5 5. Nf3 Nc6 6. 0-0 e5 7. d3 Nge7 8. a3 0-0 9. Rb1 a5 10. Bg5 h6 11. Bd2 Be6 12. Qa4 f5 13. Qc2 g5 14. e3 f4 15. h3 Qd7 16. Kh2 Rf7 17. Ne4 fxe3 18. fxe3 Raf8 19. Ng1 g4 20. h4 Nf5 21. Ne2 b6 22. N2c3 Nce7 23. Qb3 Qd8 24. Rbd1 Kh8 25. Bc1 d5 26. cxd5 a4 27. Qc2 Nxd5 28. Qe2 Nxc3 29. bxc3 Nd6 30. c4 Nxe4 31. Bxe4 Qd7 32. Bb2 b5 33. cxb5 Qxb5 34. Rxf7 Rxf7 35. Bg6 Rb7 36. Rd2 Rb8 37. Qg2 Qd7 38. Rf2 c4 39. Qf1 cxd3 40. Bxd3 Rd8 41. Bxe5 Qxd3 42. Bxg7+ Kxg7 43. Qa1+ Kh7 44. Qf6 Re8 45. h5 Qe4 46. Rf4 Qc2+ 47. Rf2 Qd3 48. Rb2 Qe4 49. Rb7+ Qxb7 50. Qg6+ Kh8 51. Qxe8+ Bg8 52. Qg6 Qb2+ 53. Kg1 Qc1+ 54. Kg2 Qd2+ 55. Kg1 Qxe3+ 56. Kf1 Bc4+ 57. Kg2 Qe2+ 58. Kg1 Qe1+ 59. Kg2 Bd5+ 60. Kh2 Qh1# 0-1